000 01148nam a2200265 a 4500
003 EG-GiCUC
008 211031s1979 ua a g 000 0 ara d
017 _a1979 / 2729
_bمصر.دار الكتب
040 _aEG-GiCUC
_bara
_cEG-GiCUC
092 0 4 _a027.4
_bH197
_221
099 _a04
_a027.4 H197
100 1 _aالحلوجي: عبد الستار:
_d1938-.
245 1 2 _aالخدمة المكتبية الريفية :
_bدراسة ميدانية /
_cإعداد عبد الستار الحلوجي.
260 _aسرس الليان: المنوفية :
_bالمركز الدولي للتعليم الوظيفي للكبار في العالم العربى:
_c1979.
300 _a170 .ص :
_bإيض.:
_c24 سم.
504 _aيشتمل على ارجاعات ببليوجرافية.
650 7 _aالخدمات المكتبية
_2.qrmak
650 7 _aالمكتبات العامة
_2.qrmak
650 7 _aالمكتبات والمجتمع
_2.qrmak
902 _a1
905 _aحنان
_eمدخل
905 _aعفاف
_eمراجع
942 _2ddc
_cBK
999 _c160771
_d160771